[Event "Leamington Spa 4NCL op-B 28th"]
[Site "Leamington Spa"]
[Date "2022.07.09"]
[Round "2"]
[White "Chapman, Philip M"]
[Black "David, Barry"]
[Result "1-0"]
[WhiteElo "1758"]
[BlackElo "1670"]
[PlyCount "51"]
[EventDate "2022.07.08"]
[EventType "swiss"]
[EventRounds "5"]
[EventCountry "ENG"]
[SourceTitle "CBM 209 Extra"]
[Source "ChessBase"]
[SourceDate "2022.09.30"]
[SourceVersion "1"]
[SourceVersionDate "2022.09.30"]
[SourceQuality "1"]

1. Nf3 d5 2. g3 c5 3. Bg2 Nc6 4. 0-0 e5 5. d3 h6 6. Nbd2 Nf6 7. e4 d4 8. Nc4 Qc7 9. a4 Be6 10. Ne1 Bxc4 11. dxc4 Bd6 12. Nd3 0-0 13. f4 exf4 14. gxf4 Be7 15. e5 Nd7 16. Bd5 Kh8 17. Qh5 f6 18. e6 Nb6 19. f5 Bd6 20. Rf2 Ne5 21. Rg2 Nxd5 22. cxd5 Nxd3 23. cxd3 Bf4 24. Qg4 Bxc1 25. Rxc1 Qe7 26. d6 1-0

[Event "Leamington Spa 4NCL op-B 28th"]
[Site "Leamington Spa"]
[Date "2022.07.09"]
[Round "3"]
[White "Daniels, David"]
[Black "Chapman, Philip M"]
[Result "1/2-1/2"]
[WhiteElo "1921"]
[BlackElo "1758"]
[PlyCount "36"]
[EventDate "2022.07.08"]
[EventType "swiss"]
[EventRounds "5"]
[EventCountry "ENG"]
[SourceTitle "CBM 209 Extra"]
[Source "ChessBase"]
[SourceDate "2022.09.30"]
[SourceVersion "1"]
[SourceVersionDate "2022.09.30"]
[SourceQuality "1"]

1. d4 d5 2. c4 c6 3. cxd5 cxd5 4. Nf3 Nc6 5. Bf4 e6 6. e3 Nf6 7. Qb3 Bb4+ 8. Nc3 Ne4 9. Rc1 Qb6 10. Bd3 Bxc3+ 11. bxc3 Qxb3 12. axb3 f5 13. Bxe4 fxe4 14. Ne5 0-0 15. 0-0 Nxe5 16. Bxe5 b5 17. c4 bxc4 18. bxc4 dxc4 1/2-1/2

[Event "Leamington Spa 4NCL op-B 28th"]
[Site "Leamington Spa"]
[Date "2022.07.08"]
[Round "1"]
[White "Obi, Okwose Marc"]
[Black "Chapman, Philip M"]
[Result "1-0"]
[WhiteElo "1962"]
[BlackElo "1758"]
[PlyCount "53"]
[EventDate "2022.07.08"]
[EventType "swiss"]
[EventRounds "5"]
[EventCountry "ENG"]
[SourceTitle "CBM 209 Extra"]
[Source "ChessBase"]
[SourceDate "2022.09.30"]
[SourceVersion "1"]
[SourceVersionDate "2022.09.30"]
[SourceQuality "1"]

1. e4 g6 2. d4 Bg7 3. f4 c5 4. d5 d6 5. Nf3 Nf6 6. Nc3 Qa5 7. Bd2 a6 8. Bd3 Qb6 9. Qe2 Bg4 10. e5 dxe5 11. fxe5 Nfd7 12. Na4 Qd8 13. e6 fxe6 14. dxe6 Ne5 15. Nxc5 0-0 16. Be4 Nbc6 17. 0-0 Nd4 18. Qd1 Ndxf3+ 19. gxf3 Qd4+ 20. Kg2 Qxc5 21. fxg4 Rxf1 22. Qxf1 Rf8 23. Qe2 Nxg4 24. Rf1 Rxf1 25. Qxf1 Nf6 26. Bc3 Qc4 27. Qxc4 1-0

[Event "Basingstoke Spring Bank op U1825"]
[Site "Basingstoke"]
[Date "2018.05.25"]
[Round "1.8"]
[White "Chapman, Philip M"]
[Black "O'Gorman, Brendan"]
[Result "1-0"]
[WhiteElo "1772"]
[BlackElo "1537"]
[PlyCount "77"]
[EventDate "2018.05.25"]
[EventType "swiss"]
[EventRounds "7"]
[EventCountry "ENG"]
[SourceTitle "EXT 2023"]
[Source "ChessBase"]
[SourceDate "2022.10.05"]
[SourceVersion "1"]
[SourceVersionDate "2022.10.05"]
[SourceQuality "1"]

1. c4 c5 2. Nc3 Nc6 3. g3 b6 4. Bg2 Bb7 5. Nf3 Nf6 6. 0-0 e6 7. e4 Na5 8. d3 d6 9. Re1 Be7 10. a3 0-0 11. Bd2 a6 12. b3 h6 13. Rb1 Nh7 14. b4 cxb4 15. axb4 Nc6 16. Be3 d5 17. exd5 Nxb4 18. Na4 b5 19. Nc5 Qc7 20. Nxb7 Qxb7 21. d6 Bxd6 22. c5 Nd5 23. cxd6 Nc3 24. Qb3 Nxb1 25. Nd4 Qd7 26. Bxa8 Rxa8 27. Rxb1 Qxd6 28. Rc1 Nf6 29. Rc6 Qd5 30. Qc2 a5 31. Rc5 Qd7 32. Nxb5 a4 33. Bc1 Nd5 34. Ba3 f5 35. Nc7 Nxc7 36. Rxc7 Qd5 37. Bb2 g5 38. Rg7+ Kf8 39. Qc7 1-0